00857 a2200193 4500003000500000005001700005010001700022020002200039040000900061082001800070100002400088245004900112250001200161260004700173300003600220505033700256650003400593650003600627NUST20221230145637.0 a 2003052070 a0321123816 (pbk.) cNust00a621.38456,SCH1 aSchiller, Jochen H.10aMobile communications /cJochen H. Schiller. a2nd ed. aLondon ;aBoston :bAddison-Wesley,c2003. axviii, 492 p. :bill. ;c24 cm. aIntroduction (Page-1), Wireless Transmission (Page-25), Medium Access Control (Page-69), Telecommunications Systems (Page-93), Satellite Systems (Page-165), Broadcast Systems (Page-183), Wireless LAN (Page-201), Mobile Network Layer (Page-303), Mobile Transport Layer (Page-351), Support For Mobility (Page-375), Outlook (Page-449). 0aMobile communication systems. 0aWireless communication systems.